000 00626nam a2200205Ia 4500
005 20250508155821.0
008 008 250505s9999 xx 000 0 eng d
037 _aTextual
040 _aFEDL
_beng
_cFEDL
041 _aeng
_2eng
084 _a576, BAI
_qFEDL
100 _aBailey W Robert
_9767555
245 0 _aDiagnostic microbiology: A textbook for the isolation and identification of pathogenic miocroorganisms
250 _a3rd
260 _aSaint Louis
_bC V Mosby Company
_c1970
300 _ax,385p.
700 _a Scott Elvyn G
_9767556
942 _cTEXL
_h576, BAI
999 _c1359443
_d1359443